000 00729nam a2200241Ia 4500
003 OSt
005 20220927110343.0
006 a|||||r|||| 00| 0
007 ta
008 220926b |||||||| |||| 00| 0 eng d
024 _a37969
037 _cReports
040 _aRTL
_cRTL
_beng
041 _2eng
_aeng
082 _a"X:77.459.N61t4, K5"
111 _a"International Bank for Reconstruction and Development, Mission to Kuwait (1961 : )"
_9376516
245 0 _aEconomic development of KUWAIT
260 _aBaltimore
_bJohn Hopkins Press
_c1965
300 _avii; 194p
_ccm.
650 _aEconomic Development
942 _h"X:77.459.N61t4, K5"
_cCC
999 _c695734
_d695734